1119 1443 1690 1276 1088 1046 1860 1930 1319 1176 1094 1418 1238 1476 1969 1263 1255 1135 1508 1124 1415 1423 1821 1804 1892 1140 1023 1418 1215 1710 1505 1270 1680 1706 1818 1785 2000 1507 1561 1960 1290 1437 1659 1575 1750 1056 1258 1015 1733 1126 1551 1782 1118 1371 1599 1130 1431 1203 1424 1963 1063 1429 1346 1260 1166 1629 1297 1267 1699 1094 1969 1187 1794 1489 1168 1391 1471 1553 1265 1896 1199 1147 1935 1913 1053 1932 1233 1422 1508 1243 1363 1907 1454 1651 1273 1149 1069 1970 1712 BCNSPRNW ULIB Ver.6.0+V

เปลี่ยนเป็นภาษาไทย

Change to English
 แสดงรายละเอียดบรรณานุกรม
  กลับหน้าหลัก

Brief Record : Get Marc (ISO 2709) : E-mail record : QR code < ปิดหน้าต่าง
LEADER : 00000nam 2200000uu 4500
001    13399123189
003     ULIB
008    020711s2553 th a 000 0 tha d
050    HF5549^bส181พ
110    กระทรวงสาธารณสุข^bสถาบันพระบรมราชชนก
245    พัฒนาคน พัฒนางาน พัฒนาบริการให้ยั่งยืน /^cสถาบันพระบรมราชชนก
260    นนทบุรี :^bสถาบันพระบรมราชชนก,^c2553
300    54 หน้า
500     เอกสารประกอบการประชุมวิชาการ สถาบันพระบรมราชชนก ประจำปี 2553 ชีวิตคือการศึกษา การศึกษาคือชีวิต วันที่ 25-26 สิงหาคม 2553 โรงแรมมณเฑียร ริเวอร์ไซด์ กรุงเทพฯ
945    ^p0^l0^i20329
945    ^p0^l0^i20330
รายการนี้ยังไม่มีแท็ก
คุณยังไม่ได้ล็อกอิน คุณสามารถมีกิจกรรมร่วมกับเว็บไซต์ได้ แต่ต้องล็อกอินก่อน ::
  ล็อกอิน

รายการสื่อสารสนเทศ

ลำดับที่ ประเภท เลขเรียก/บาร์โค้ด สถานที่ สถานะ
1. การศึกษาทั่วไป
การศึกษาทั่วไป
HF5549 ส181พ ฉ.1 
  Barcode: 20329
ห้องสมุดวิทยาเขตนครสวรรค์
►หนังสือทั่วไป:l:General Books
บนชั้น
Note: เอกสารประกอบการประชุมวิชาการ สถาบันพระบรมราชชนก ประจำปี 2553 ชีวิตคือการศึกษา การศึกษาคือชีวิต วันที่ 25-26 สิงหาคม 2553 โรงแรมมณเฑียร ริเวอร์ไซด์ กรุงเทพฯ
2. การศึกษาทั่วไป
การศึกษาทั่วไป
HF5549 ส181พ ฉ.2 
  Barcode: 20330
ห้องสมุดวิทยาเขตนครสวรรค์
►หนังสือทั่วไป:l:General Books
บนชั้น
Note: เอกสารประกอบการประชุมวิชาการ สถาบันพระบรมราชชนก ประจำปี 2553 ชีวิตคือการศึกษา การศึกษาคือชีวิต วันที่ 25-26 สิงหาคม 2553 โรงแรมมณเฑียร ริเวอร์ไซด์ กรุงเทพฯ

BibComment


ยังไม่เคยถูกคอมเมนท์

คอมเมนท์ทรัพยากรรายการนี้
  คอมเมนท์: พัฒนาคน พัฒนางาน ..


 Copyright 2026. Bcnsprnw @Library